Reforma místních rozpočtů.

Reforma miestnych rozpočtov a systému financovania potrieb miest a obcí je založená na zvýšení podielu vlastných príjmov a obmedzení dotácií z republikového rozpočtu. Daňové príjmy rozpočtov miest a obcí. Daňové určenie a daňový výnos v nasledujúcich rokoch v súvislosti so zavedením novej daňovej sú...

Celý popis

Uložené v:
Podrobná bibliografia
Hlavný autor: Peková, Jitka
Médium: Kapitola
Jazyk:Czech
Predmet:
Tagy: Pridať tag
Žiadne tagy, Buďte prvý, kto otaguje tento záznam!

MARC

LEADER 00000naa a2200000 4500
001 r012527
005 20220826094731.2
041 0 |a cze 
044 |a CZ 
245 1 0 |a Reforma místních rozpočtů.  |c Jitka Peková 
520 |a Reforma miestnych rozpočtov a systému financovania potrieb miest a obcí je založená na zvýšení podielu vlastných príjmov a obmedzení dotácií z republikového rozpočtu. Daňové príjmy rozpočtov miest a obcí. Daňové určenie a daňový výnos v nasledujúcich rokoch v súvislosti so zavedením novej daňovej sústavy. 
610 2 0 |a rozpočet miestny 
610 2 0 |a príjmy 
610 2 0 |a dane 
610 2 0 |a výnosy 
610 2 0 |a Čechy 
100 1 |a Peková, Jitka